000 01659cam a2200349Mi 4500
999 _c3762
_d3762
001 915711
003 OCoLC
005 20241022102143.0
008 230310s2022 enk 000 f eng d
020 _a9780008537777
_q(paperback)
020 _a0008537771
035 _a(OCoLC)1357141209
040 _aNLGGC
_dYMG
_dKH8
_bdut
_erda
_cNLGGC
042 _anbic
050 4 _aPR6039.O32
_b.T577 2022
082 _aFIC TOL
090 _aPR6039.O32
_b.T577 2022
100 1 _aTolkien, J.R.R.
_q(John Ronald Reuel),
_d1892 1973.
_4author.
245 1 4 _aThe fellowship of the ring :
_bbeing the first part of The Lord of the Rings /
_cby J.R.R. Tolkien.
260 _aLondon :
_bHarperCollinsPublishers,
_c2022.
300 _aXXVII, 531 pages :
_bmaps ;
_c18 cm.
336 _atekst
_btxt
_2rdacontent/dut.
337 _azonder medium
_bn
_2rdamedia/dut.
338 _aband
_bnc
_2rdacarrier/dut.
490 0 _aThe lord of the rings ;
_vpart 1.
501 _aFirst published in Great Britain : George Allen and Unwin, 1954. Second edition: 1966 "This edition is based on the reset edition first published 2014, which is a revised edition of the reset edition first published 2004"--Copyright page
520 2 _aIn a sleepy village in the Shire, a young hobbit is entrusted with an immense task. He must make a perilous journey across Middle-earth to the Cracks of Doom, there to destroy the Ruling Ring of Power--the only thing that prevents the Dark Lord Sauron's evil dominion.
650 0 _aMiddle Earth (Imaginary place)
_xFiction.
650 0 _aFantasy fiction, English.
650 0 _aBaggins, Frodo (Fictitious character)
_xFiction.
942 _2ddc
_cFIC